Stolice dawnych państw - Statystyki

Ogólne statystyki
  • Ten quiz został rozwiązany 350 razy
  • Średni wynik to 8 z 14
Statystyki odpowiedzi
Państwo Stolica % Poprawnych
Austro-Węgry Wiedeń | Budapeszt
100%
Czechosłowacja Praga
99%
Jugosławia Belgrad
94%
Cesarstwo Brazylii Rio de Janeiro
78%
Królestwo Szkocji Edynburg
74%
Niemcy Zachodnie Bonn
72%
Cesarstwo wschodniorzymskie Konstantynopol
71%
Królestwo Obojga Sycylii Neapol
59%
Państwo frankijskie Akwizgran
30%
Starożytny Egipt (Nowe Państwo) Teby
24%
Królestwo Aragonii (po 1118) Saragossa
23%
Republika Zjednoczonych Prowincji Haga
22%
Transwal Pretoria
15%
Imperium mongolskie Karakorum
11%
Nie znaleziono quizów pasujących do podanych kryteriów
Rozkład punktacji
Procent ludzi z każdym wynikiem
Percentyl według liczby udzielonych odpowiedzi
Twoja historia wyników
Nie rozwiązałeś tego quizu